Archeologie doby hradištní v České a Slovenské republice sborník příspěvků přednesených na pracovním setkání Archeologie doby hradištní ve dnech 24.-26.4.2006

Bibliographic Details
Corporate Author: Archeologie doby hradištní Brno, Česko
Other Authors: Dresler, Petr, 1978- (Editor), Měřínský, Zdeněk, 1948- (Editor)
Format: Conference Proceeding Book
Language:Czech
Slovak
PhysicalDescription:221 s. ilustr. (nieektoré fareb.), tab., mp. 29 cm
Published: Brno Masarykova univerzita 2009
ISBN:9788021049710
Series:Archaeologia mediaevalis Moravica et Silesiana supplementum 2
Subjects:

MARC

LEADER 00000cam a2200000 a 4500
001 vtls010093364
003 SK-MaSNL
005 20260425235603.0
008 180216s2009 xr oa f n 100 0 cze
015 |a SNBZSA2011-0633 
020 |a 9788021049710  |q (brož.) 
035 |a 2DB0D0EB-2ABC-4242-ACBF-4222F8A113EF 
035 |a urn:nbn:sk:snk-amyg8g 
035 |a urn:nbn:sk:snk-am00ckgm 
040 |a SNK  |b slo  |c SNK  |e AACR2 
041 0 |a cze  |a slo  |b ger 
043 |a e-xr---  |a e-xo--- 
044 |a xr  |c CZ 
072 7 |a 902  |x Archeológia  |2 konspekt 
080 |a 902.2  |x (437.3)  |x (437.6)  |2 2001 
080 |a 902:904  |2 2001 
080 |a 94"06/11"  |2 2001 
080 |a (437.3)  |2 2001 
080 |a (437.6)  |2 2001 
080 |a (062.534)  |2 2001 
111 2 |a Archeologie doby hradištní  |n (2.  |d 2006  |c Brno, Česko)  |9 541903 
245 1 0 |a Archeologie doby hradištní v České a Slovenské republice  |b sborník příspěvků přednesených na pracovním setkání Archeologie doby hradištní ve dnech 24.-26.4.2006  |c [ editoři: Petr Dresler et Zdeněk Měřínský] 
260 |a Brno  |b Masarykova univerzita  |c 2009 
300 |a 221 s.  |b ilustr. (nieektoré fareb.), tab., mp.  |c 29 cm 
490 0 |a Archaeologia mediaevalis Moravica et Silesiana  |v supplementum 2 
500 |a 400 výt. 
504 |a Bibliogr. 
546 |a Text čiast. slov. Res. nem. 
650 0 7 |a archeologické výskumy  |z Česko  |2 SNKPH  |9 68557 
650 0 7 |a archeologické nálezy  |2 SNKPH  |9 4975 
650 0 7 |a doba hradisková  |2 SNKPH  |9 246270 
650 0 7 |a Excavations (archeology)  |2 SNKPHeng  |9 541904 
650 0 7 |a Antiques  |2 SNKPHeng  |9 337349 
650 0 7 |a Hillfort period  |2 SVKBBPHeng  |9 541905 
650 0 7 |a archeologické výskumy  |z Slovensko  |2 SNKPH  |9 75533 
651 7 |a Česko  |2 SNKPHgeo  |9 16753 
651 7 |a Slovensko  |2 SNKPHgeo  |9 14231 
651 7 |a Czechia  |2 SNKPHeng  |9 170107 
651 7 |a Slovakia  |2 SNKPHeng  |9 92630 
655 7 |a zborníky konferencií  |2 SNKPH  |9 70153 
655 7 |a Proceedings of conferences  |2 SNKPHeng  |9 265791 
700 1 |a Dresler, Petr,  |d 1978-  |4 edt  |9 145396 
700 1 |a Měřínský, Zdeněk,  |d 1948-  |4 edt  |9 110125 
852 |a Štátna vedecká knižnica v Banskej Bystrici 
919 |a 978-80-210-4971-0 
958 |a ZS 
958 |a CZ 
958 |a NB 
999 |c 833535  |d 835465 
952 |a SNK  |b SNK  |y PREZ  |7 0  |p 17A0670246  |o snkSB 80108  |i snk2010/18965  |8 4  |g 31.30  |0 0  |1 0  |4 0  |d 2010-06-30  |f 1  |l 0  |r 2025-05-05 00:00:00  |w 2026-02-24 
952 |a SNK  |b SNK  |y VYP  |7 0  |p 17A0670245  |o snkSB 80108 D1  |i snk2010/18966  |8 4  |g 31.30  |0 0  |1 0  |4 0  |d 2010-06-30  |l 0  |r 2016-06-30 00:00:00  |w 2026-02-24